000 01055nam a2200289 i 4500
003 DO-SdBNP
005 20240314192640.0
007 ta
008 240214s2023 dr 000 j spa d
020 _a9789945643879
040 _aDO-SdBNP
_bspa
_cBNPHU
_erda
082 _bD542c
_222
100 1 _aDíaz Filpo, Rafael
_984919
245 1 0 _aControl preventivo de los tratados internacionales :
_ben el ordenamiento jurídico dominicano /
_cRafael Ramón Díaz Filpo ; prólogo Eduardo Jorge Prats ; presentación Milton Ray Guevara
264 1 _aSanto Domingo :
_bTribunal Constitucional,
_bCentro de Estudios Constitucionales,
_c2023.
300 _a372 páginas,
_c23 cm.
336 _2rdacontent
_atexto
_btxt
337 _2rdamedia
_asin mediación
_bn
338 _2rdacarrier
_avolumen
_bnc
490 _aJUDEX
504 _aBibliografía p: 361-372.
590 _aInventariado, 2024/ YL
700 1 _aPrats, Eduardo Jorge
_eprólogo
_984886
700 1 _aRay Guevara, Milton
_epresentación
_984887
910 _aYLockward
942 _2ddc
_cLBS1
999 _c55947
_d55947